Normal view
MARC view
- CORELDRAW 9
Entry Topical Term
001 - CONTROL NUMBER
- control field: 78229
003 - CONTROL NUMBER IDENTIFIER
- control field: NUST
005 - DATE AND TIME OF LATEST TRANSACTION
- control field: 20210628210131.0
008 - FIXED-LENGTH DATA ELEMENTS
- fixed length control field: 210628|| aca||aabn | a|a d
040 ## - CATALOGING SOURCE
- Original cataloging agency: NUST
- Transcribing agency: NUST
150 ## - HEADING--TOPICAL TERM
- Topical term or geographic name entry element: CORELDRAW 9
670 ## - SOURCE DATA FOUND
- Source citation: Work cat.: (NUST): Karlins, David 78228, Sams teach yourself coreldraw 9 in 24 hours, 1999
